Flute recorder and other woodwind
| Main Author: | |
|---|---|
| Format: | Book |
| Published: |
London :
Watts Books ,
1992
|
| Subjects: |
MARC
| LEADER | 00000cam a2200000 7i4500 | ||
|---|---|---|---|
| 001 | 0000007706 | ||
| 002 | 000008276 | ||
| 005 | 20000330.0 | ||
| 020 | |a 0749607696 | ||
| 090 | 0 | 0 | |a J 784.19 |b WAU |
| 100 | 1 | |a Walton, Simon | |
| 245 | 1 | 0 | |a Flute recorder and other woodwind |c Simon Walton |
| 260 | |a London : |b Watts Books , |c 1992 | ||
| 300 | |a 32p. : |b ill. ; |c 30cm. | ||
| 650 | 0 | 0 | |a Musical instruments |x Juvenile literature |
| 999 | |a 052553 |b BUKU |c PINJAMAN |e PERPUSTAKAAN KOMUNITI CAW KOTA DAMANSARA | ||